000 00656nam a2200181Ia 4500
003 GCL
005 20240530095402.0
008 140319s9999 xx 000 0 ara d
040 _aGCL /
_cGCL
082 0 4 _a050
_bد/د هـ
245 1 0 _aمن نصف قرن كيف رأى الكتاب سنه 2000 ؟ ( الهلال يناير 2000 )
260 _aالقاهرة :
_bدار الهلال للطباعة والنشر ،
_c2000
650 0 4 _aمصر - الاحوال السياسية
650 0 4 _aمصر - الاحوال الاجتماعية
650 0 4 _aالمرأة - مصر
650 0 4 _aمصر - تاريخ - العصر الحديث
942 _2ddc
_cCR
999 _c6712
_d6712